University City of Mexico (Record no. 252)

MARC details
000 -CABECERA
campo de control de longitud fija 00724nam a2200193 a 4500
001 - NÚMERO DE CONTROL
campo de control BRCA_314
005 - FECHA Y HORA DE LA ÚLTIMA TRANSACCIÓN
campo de control 20190320202945.0
008 - DATOS DE LONGITUD FIJA--INFORMACIÓN GENERAL
campo de control de longitud fija 260508s1952----mx-#---###---#000-0#eng-#
050 #4 - SIGNATURA TOPOGRÁFICA DE LA BIBLIOTECA DEL CONGRESO
Número de clasificación NA6600
Número de documento/Ítem .U55 1952
245 10 - MENCIÓN DE TÍTULO
Título University City of Mexico
Resto del título The Rising City.
260 ## - PUBLICACIÓN, DISTRIBUCIÓN, ETC.
Lugar de publicación, distribución, etc. México
Nombre del editor, distribuidor, etc. Office of Public Relations
Fecha de publicación, distribución, etc. 1952
300 ## - DESCRIPCIÓN FÍSICA
Extensión 1 v. (sin paginación)
Dimensiones 29 cm.
500 ## - NOTA GENERAL
Nota general Título de la cubierta : Ciudad Universitaria de México
610 24 - PUNTO DE ACCESO ADICIONAL DE MATERIA--NOMBRE DE ENTIDAD CORPORATIVA
Nombre de entidad corporativa o nombre de jurisdicción como elemento de entrada Universidad Nacional Autónoma de México
Subdivisión general Construcciones
9 (RLIN) 1043
610 24 - PUNTO DE ACCESO ADICIONAL DE MATERIA--NOMBRE DE ENTIDAD CORPORATIVA
Nombre de entidad corporativa o nombre de jurisdicción como elemento de entrada Ciudad Universitaria (Ciudad de México)
Subdivisión general Arquitectura
9 (RLIN) 1044
650 14 - PUNTO DE ACCESO ADICIONAL DE MATERIA--TÉRMINO DE MATERIA
Término de materia o nombre geográfico como elemento de entrada Edificios universitarios
Subdivisión geográfica México
9 (RLIN) 1045
651 #4 - PUNTO DE ACCESO ADICIONAL DE MATERIA--NOMBRE GEOGRÁFICO
Nombre geográfico Ciudad de México
Subdivisión general Arquitectura moderna
9 (RLIN) 1046
942 ## - ELEMENTOS DE PUNTO DE ACCESO ADICIONAL (KOHA)
Fuente del sistema de clasificación o colocación Library of Congress Classification
Tipo de ítem Koha Libros
Holdings
Estado de retiro Estado de pérdida Estado dañado No para préstamo Localización permanente Ubicación/localización actual Fecha de adquisición Total de préstamos Signatura topográfica completa Código de barras Fecha visto por última vez Precio válido a partir de Tipo de ítem Koha
El ejemplar forma parte de la colección y puede ser consultado según las políticas vigentes.       Biblioteca del Museo Franz Mayer (Rogerio Casas-Alatriste) Biblioteca del Museo Franz Mayer (Rogerio Casas-Alatriste) 25/06/2008   NA6600 .U55 1952 00404 22/03/2019 22/03/2019 Libros